अक्षय पात्र (Record no. 1020373)

MARC details
000 -LEADER
fixed length control field 01055nam a2200277Ia 4500
003 - CONTROL NUMBER IDENTIFIER
control field OSt
005 - DATE AND TIME OF LATEST TRANSACTION
control field 20221005110945.0
008 - FIXED-LENGTH DATA ELEMENTS--GENERAL INFORMATION
fixed length control field GUJ
020 ## - INTERNATIONAL STANDARD BOOK NUMBER
International Standard Book Number 9788183612906 (hbk)
037 ## - SOURCE OF ACQUISITION
Terms of availability Textual
040 ## - CATALOGING SOURCE
Original cataloging agency CRL
Transcribing agency CRL
Language of cataloging GUJ
041 ## - LANGUAGE CODE
Source of code GUJ
Language code of text/sound track or separate title GUJ
100 ## - MAIN ENTRY--PERSONAL NAME
Personal name भट्ट, बिन्दु
245 #0 - TITLE STATEMENT
Title अक्षय पात्र
246 ## - VARYING FORM OF TITLE
Title proper/short title Akṣhaya pātra
260 ## - PUBLICATION, DISTRIBUTION, ETC.
Place of publication, distribution, etc. नई दिल्ली
Name of publisher, distributor, etc. राधाकृष्ण प्रकाशन भारत
Date of publication, distribution, etc. 2011
300 ## - PHYSICAL DESCRIPTION
Extent 235पृ0
Dimensions cm.
650 ## - SUBJECT ADDED ENTRY--TOPICAL TERM
Topical term or geographic name entry element गुजराती साहित्य
700 ## - ADDED ENTRY--PERSONAL NAME
Personal name वीरेन्द्र नारायण सिंह, अनु.
942 ## - ADDED ENTRY ELEMENTS (KOHA)
Classification part O156,3N54,AP, 152Q1
Koha item type Textual
Source of classification or shelving scheme
Holdings
Withdrawn status Lost status Damaged status Not for loan Home library Current library Date acquired Source of acquisition Cost, normal purchase price Total Checkouts Full call number Barcode Date last seen Cost, replacement price Price effective from Koha item type
        Central Library Central Library 2022-10-05 1461, 17/03/2011, Kiran Book Service 300.00   O156,3N54,AP 152Q1 CL1430619 2022-10-05 300.00 2022-10-05 Textual
Copyright @ Delhi University Library System